| 000 | 00864 a2200265 4500 | ||
|---|---|---|---|
| 999 |
_c22980 _d9636 |
||
| 001 | 22980 | ||
| 003 | TR-AnTOB | ||
| 005 | 20190408213345.0 | ||
| 008 | 050112s1996 tu tur | ||
| 020 | _a975803006x | ||
| 040 |
_aTR-AnTOB _cTR-AnTOB |
||
| 041 | _atur | ||
| 050 |
_aBQ7935.B777 _bG519 1996 |
||
| 090 | _aBQ7935.B777 G519 1996 | ||
| 100 |
_aGibb, Christopher, _d1955- _916569 |
||
| 245 | 0 |
_aDalai Lama : _bTibet'in sürgündeki insanlarının lideri ve dünya barışının sabırlı işcisi / _cChristopher Gibb ; çev. Leyla Onat. |
|
| 264 | 1 |
_aAnkara : _bİlkkaynak Kültür ve Sanat Ürünleri, _c1996 |
|
| 300 |
_a64 p. : _bcol. ill. ; _c22 cm |
||
| 490 | 0 | _aİnsanlık Tarihine Yön Verenler : Dalai Lama | |
| 500 | _aIncludes index. | ||
| 600 | 0 | 0 |
_aBstan-ʼdzin-rgya-mtsho, _cDalai Lama XIV, _d1935- _910808 |
| 902 | _a*** | ||
| 942 |
_cBK _2lcc |
||